000 00781nam a2200193 i 4500
001 152070
003 ES-MaACL
005 20230906204523.0
008 051011s1831 sp | |||||||| ||spa d
100 1 _aGilardini, Domenico.
_9156676
245 1 0 _aBianca e Gernando :
_bdramma in due atti = Blanca y Gernando : drama en dos actos, que se ha de representar en los teatros de esta corte /
_c[Domenico Gilardini].
246 3 _aBlanca y Gernando :
_bdrama en dos actos
260 _aMadrid :
_b[s.n.],
_c1831 (
_fImp. de I. Sancha)
300 _a57 p. ;
_c17 cm.
500 _aSólo la letra.
546 _aTexto en italiano y español.
594 _aAutor tomado de p. 5
852 4 _aES-MaACL
_jT-737-F-6
_z- Enc. hol., falto de cub. original
_z- Enc. en un vol. facticio
999 _c152070
_d152070